| 000 | 00589nam a22001817a 4500 | ||
|---|---|---|---|
| 003 | BD-DhUL | ||
| 005 | 20180322094208.0 | ||
| 008 | 180322s1993 nyua|||| |||| 000 0 eng d | ||
| 040 |
_aBD-DhUL _cBD-DhUL |
||
| 082 |
_a341.133 _bUNR |
||
| 110 | 2 | _aUnited Nations. | |
| 245 | 0 |
_aReport of the committee on conferences / _cUnited Nations. |
|
| 260 |
_aNew York : _bUnited Nations, _c1993. |
||
| 300 |
_aiv, 74 p. : _bill. ; _c28 cm. |
||
| 500 | _a"General assembly, official records, forty-seventh session, supplement no. 32 (A/47/32/)" | ||
| 650 | 0 | _aInternational law. | |
| 942 |
_2ddc _cBK |
||
| 999 |
_c239515 _d239515 |
||